Lexique médical - Psychiatrie#1 - Statistiques

Statistiques générales
  • Ce quiz a été pris 159 fois
  • Le résultat moyen est 5 sur 12
Statistiques - réponses
Définition Terme % Correct
Affection mentale incluant la schizophrénie, comprenant une perte de contact avec la réalité Psychose
70%
Flux de parole rapide, incoercible souvent improductif Logorrhée
61%
Perte de la capacité à éprouver du plaisir Anhédonie
54%
Humeur Thymie
50%
Trouble neuropsychologique où la personne n'a pas conscience de ses troubles Anosognosie
46%
Négligence des soins corporels et de l'habillement Incurie
43%
La volonté est déficitaire, impossibilité dans le choix de l'acte Aboulie
40%
Forme atténuée de l'excitation maniaque Hypomanie
40%
Idée, pensée, impulsion récurrente et persistante Obsession
40%
Besoin irrépressible de consommation ou de l'application d'un comportement, dans le cadre d'une addiction Craving
33%
Symptôme se traduisant par l'incapacité à entreprendre des actions Apragmatisme
19%
Production excessive, désorganisée, souvent incontrôlée d'actes psycho-moteurs Agitation
8%
Aucun quiz correspondant
Distribution des résultats
% des personnes avec chaque résultat
Percentile par nombre de réponses
Votre historique - résultats
Vous n’avez pas pris ce quiz